[Event "Macieja Memorial"]
[Site "Warsaw POL"]
[Date "2022.07.08"]
[Round "9.17"]
[White "Gdanski, Jacek"]
[Black "Michalska, Aleksandra"]
[Result "1-0"]
[WhiteElo "2385"]
[BlackElo "1733"]
[EventDate "????.??.??"]
[PlyCount "71"]

1.e4 e5 2.Nf3 Nc6 3.Bb5 g6 4.O-O Bg7 5.c3 Nge7 6.d4 exd4 7.cxd4 d5 8.exd5 Nxd5 
9.Bg5 Qd6 10.Nc3 O-O 11.Ne4 Qb4 12.Bxc6 bxc6 13.Qc1 Bf5 14.Ng3 Nb6 15.Nxf5 gxf5 
16.Qxc6 Rae8 17.Qxc7 Qxb2 18.Qxa7 Nd5 19.Qd7 Nb6 20.Qxf5 Re6 21.Rab1 Qxa2 
22.Be3 Qd5 23.Qh3 h6 24.Nh4 Nc4 25.Nf5 Nxe3 26.fxe3 Qd8 27.Rf3 Rg6 28.Rbf1 Qe8 
29.Qh4 Qe6 30.Ne7+ Kh7 31.Nxg6 Qxg6 32.Qh3 Qd6 33.Rxf7 Rxf7 34.Rxf7 Qd5 35.Qf5+ 
Qxf5 36.Rxf5 1-0

[Event "Macieja Memorial"]
[Site "Warsaw POL"]
[Date "2022.07.08"]
[Round "9.18"]
[White "Szustakowski, Antoni"]
[Black "Pedzich, Dominik"]
[Result "1-0"]
[WhiteElo "2173"]
[BlackElo "2350"]
[EventDate "????.??.??"]
[PlyCount "95"]

1.Nf3 Nf6 2.g3 g6 3.Bg2 Bg7 4.O-O O-O 5.d4 d5 6.c4 c6 7.b3 Bf5 8.Bb2 a5 9.Nbd2 
Ne4 10.Ne5 Nxd2 11.Qxd2 a4 12.Rac1 axb3 13.axb3 Ra2 14.Ra1 Rxa1 15.Rxa1 Bxe5 
16.dxe5 dxc4 17.Qc3 Be6 18.bxc4 Na6 19.Ba3 Qd7 20.Bf3 Rd8 21.Rb1 Bh3 22.e3 Qf5 
23.e4 Qd7 24.Bg2 Bxg2 25.Kxg2 Qd3 26.Qxd3 Rxd3 27.Bxe7 Rd7 28.Bd6 c5 29.Rb5 f6 
30.Bxc5 fxe5 31.Be3 Rc7 32.Rxe5 Rxc4 33.Re7 Rc7 34.Rxc7 Nxc7 35.f4 Kf7 36.Kf3 
h5 37.Ke2 Ke6 38.Kd3 Ne8 39.Bc5 Nf6 40.h3 Ne8 41.Kd4 Nf6 42.Ba3 b6 43.Bb4 b5 
44.Ba3 Ne8 45.g4 hxg4 46.hxg4 Nf6 47.f5+ Kf7 48.g5 1-0

[Event "Macieja Memorial"]
[Site "Warsaw POL"]
[Date "2022.07.08"]
[Round "9.19"]
[White "Leniart, Arkadiusz"]
[Black "Skrzypczynski, Kacper"]
[Result "1-0"]
[WhiteElo "2327"]
[BlackElo "1746"]
[EventDate "????.??.??"]
[PlyCount "63"]

1.e4 d6 2.d4 Nf6 3.Nc3 e5 4.dxe5 dxe5 5.Qxd8+ Kxd8 6.Bg5 c6 7.O-O-O+ Kc7 8.f4 
Nbd7 9.Nf3 Ng4 10.Nxe5 Ndxe5 11.fxe5 Nf2 12.Bd8+ Kb8 13.Bc4 Nxd1 14.Rxd1 Be6 
15.Bxe6 fxe6 16.Bg5 Kc7 17.Rf1 h6 18.Rf7+ Kb6 19.Be3+ Ka6 20.a3 Re8 21.b4 Be7 
22.Kb2 Bg5 23.Bc5 b6 24.Bd6 Be3 25.a4 Ra8 26.Kb3 b5 27.axb5+ cxb5 28.Nd1 Bb6 
29.Nb2 g5 30.c4 bxc4+ 31.Ka4 Bg1 32.b5+ 1-0

[Event "Macieja Memorial"]
[Site "Warsaw POL"]
[Date "2022.07.08"]
[Round "9.20"]
[White "Mikrut, Dariusz"]
[Black "Lee, Hyo"]
[Result "1-0"]
[WhiteElo "2266"]
[BlackElo "2010"]
[EventDate "????.??.??"]
[PlyCount "141"]

1.d4 Nf6 2.c4 g6 3.Nc3 Bg7 4.e4 d6 5.f3 O-O 6.Be3 c5 7.Nge2 Nc6 8.Qd2 Qa5 9.d5 
Ne5 10.Ng3 a6 11.Bg5 Rb8 12.f4 Ned7 13.a4 Re8 14.Be2 e6 15.dxe6 Rxe6 16.O-O Qc7 
17.Rad1 b6 18.f5 Re8 19.Bh6 Ne5 20.Bxg7 Kxg7 21.fxg6 Be6 22.gxh7 Nxh7 23.b3 Rg8 
24.Nf5+ Kh8 25.Nxd6 Rg7 26.Qf4 Ng6 27.Qg3 Rbg8 28.Nf5 Qxg3 29.Nxg3 Ne5 30.Rd6 
Ng5 31.Rxb6 Rg6 32.Rxa6 Rb8 33.Nb5 Rd8 34.Rd6 Rdg8 35.a5 Ra8 36.a6 Rgg8 37.a7 
Rgc8 38.Nf5 Nh7 39.Ne7 Re8 40.Nd5 Bxd5 41.exd5 Nf8 42.h3 Nfg6 43.Rdf6 Kg7 
44.Bh5 Re7 45.Bxg6 Nxg6 46.Rb6 Raxa7 47.Nxa7 Rxa7 48.d6 Rd7 49.Rf2 Ne5 50.Re2 
f6 51.Rxe5 fxe5 52.Kf2 Kf6 53.Ke3 Ke6 54.Ke4 Rd8 55.d7+ Kxd7 56.Kxe5 Kc7 57.Rf6 
Rd3 58.Rf3 Rd2 59.g4 Re2+ 60.Kf5 Kd6 61.Kf6 Re6+ 62.Kf5 Re5+ 63.Kf4 Re1 64.g5 
Rg1 65.Rg3 Rf1+ 66.Kg4 Ke6 67.Rf3 Rg1+ 68.Kh5 Rg2 69.g6 Ke7 70.Kh6 Rg1 71.h4 1-0

[Event "Macieja Memorial"]
[Site "Warsaw POL"]
[Date "2022.07.08"]
[Round "9.21"]
[White "Golecki, Jan"]
[Black "Jarmula, Lukasz"]
[Result "0-1"]
[WhiteElo "2109"]
[BlackElo "2246"]
[EventDate "????.??.??"]
[PlyCount "144"]

1.e4 e5 2.Nf3 Nf6 3.Nxe5 d6 4.Nf3 Nxe4 5.Qe2 Qe7 6.d3 Nf6 7.Bg5 Qxe2+ 8.Bxe2 
Be7 9.Nbd2 h6 10.Bh4 Nc6 11.O-O-O Be6 12.h3 O-O-O 13.g4 g5 14.Bg3 Rdg8 15.Nb3 
h5 16.Nfd4 Nxd4 17.Nxd4 Bd7 18.Nf5 Bxf5 19.gxf5 Kd7 20.Rdg1 c6 21.f4 Nd5 
22.fxg5 Bxg5+ 23.Kd1 Be3 24.Bh2 Bxg1 25.Bxg1 Rg5 26.c4 Rhg8 27.Bxa7 Ne7 28.f6 
Nf5 29.h4 Rg2 30.Rf1 Ng3 31.Re1 Nxe2 32.Rxe2 Rxe2 33.Kxe2 Ke6 34.Bd4 Rg4 35.Bf2 
Kxf6 36.b4 Ke6 37.a4 d5 38.cxd5+ Kxd5 39.Be1 f5 40.Kf3 Rd4 41.Ke3 f4+ 42.Ke2 
f3+ 43.Ke3 b6 44.a5 bxa5 45.bxa5 c5 46.Kxf3 Rxd3+ 47.Kf4 Ra3 48.Kg5 c4 49.Kxh5 
c3 50.Kg6 c2 51.Bd2 Rxa5 52.h5 Ra6+ 53.Kg7 Ke4 54.h6 Rd6 55.Bc1 Rd1 56.Ba3 Rg1+ 
57.Kf7 Rh1 58.Kg7 Rh3 59.Bc1 Rh1 60.h7 Rxc1 61.h8=Q Rg1+ 62.Kf6 c1=Q 63.Qe8+ 
Kd3 64.Qd7+ Ke2 65.Qe6+ Qe3 66.Qa2+ Kf3 67.Qd5+ Qe4 68.Qh5+ Rg4 69.Qh3+ Ke2 
70.Qh5 Qf4+ 71.Ke6 Qe3+ 72.Kf6 Qf3+ 0-1

[Event "Macieja Memorial"]
[Site "Warsaw POL"]
[Date "2022.07.08"]
[Round "9.22"]
[White "Reshetniak, Vitaliy"]
[Black "Pacan-milej, Kosma"]
[Result "0-1"]
[WhiteElo "2053"]
[BlackElo "2183"]
[EventDate "????.??.??"]
[PlyCount "96"]

1.d4 Nf6 2.c4 g6 3.Nc3 Bg7 4.e4 d6 5.h3 O-O 6.Bg5 c5 7.d5 e6 8.Bd3 exd5 9.cxd5 
a6 10.a4 h6 11.Be3 Nbd7 12.Nf3 Re8 13.O-O Rb8 14.Qd2 b5 15.axb5 axb5 16.Bxb5 
Nxe4 17.Nxe4 Rxe4 18.Bxd7 Bxd7 19.Bxh6 Rxb2 20.Qc1 Rbb4 21.Bxg7 Kxg7 22.Re1 Qf6 
23.Rxe4 Rxe4 24.Ra7 Re7 25.Qa3 Bf5 26.Ra6 Be4 27.Qb3 Bxf3 28.Qxf3 Qxf3 29.gxf3 
Rd7 30.f4 Kf6 31.Kg2 Kf5 32.Kf3 f6 33.Rc6 g5 34.fxg5 fxg5 35.Kg3 Ke5 36.Kg4 Rg7 
37.Rc8 Kxd5 38.Rf8 c4 39.Kf5 c3 40.Rc8 Kd4 41.Kf6 Rh7 42.Kxg5 Rxh3 43.f4 Kd3 
44.f5 Rf3 45.Kg4 Rf1 46.Rd8 c2 47.Rxd6+ Ke4 48.Re6+ Kd5 0-1

[Event "Macieja Memorial"]
[Site "Warsaw POL"]
[Date "2022.07.08"]
[Round "9.23"]
[White "Niezhentsev, Kyrylo"]
[Black "Olszewski, Michal"]
[Result "0-1"]
[WhiteElo "2054"]
[BlackElo "2344"]
[EventDate "????.??.??"]
[PlyCount "54"]

1.e4 c5 2.Nf3 d6 3.d4 cxd4 4.Nxd4 Nf6 5.f3 e5 6.Nb3 Be7 7.c4 a5 8.a4 Qb6 9.Nc3 
O-O 10.Nb5 Bd7 11.Qe2 Bxb5 12.axb5 Nbd7 13.Be3 Qc7 14.Qc2 d5 15.exd5 Nxd5 
16.Bd2 a4 17.Nc1 Nb4 18.Qd1 Rfe8 19.Nd3 Nxd3+ 20.Bxd3 Bc5 21.Qc2 g6 22.h4 e4 
23.Bxe4 Qg3+ 24.Kd1 Qxg2 25.Re1 Nf6 26.Bg5 Rad8+ 27.Bd5 Rxe1+ 0-1

[Event "Macieja Memorial"]
[Site "Warsaw POL"]
[Date "2022.07.08"]
[Round "9.24"]
[White "Nguyen, Piotr"]
[Black "Paprocki, Jaroslaw"]
[Result "1-0"]
[WhiteElo "2300"]
[BlackElo "1909"]
[EventDate "????.??.??"]
[PlyCount "60"]

1.f4 d5 2.Nf3 g6 3.g3 Bg7 4.Bg2 Nh6 5.d3 d4 6.c3 Nc6 7.O-O Nf5 8.e4 dxe3 9.d4 
Be6 10.Na3 Bd5 11.Nc2 h5 12.Nxe3 Nxe3 13.Bxe3 e6 14.Qe2 O-O 15.b3 Rb8 16.Rad1 
b5 17.h3 a5 18.g4 hxg4 19.hxg4 a4 20.Ng5 axb3 21.axb3 Ne7 22.c4 bxc4 23.bxc4 
Bxg2 24.Qxg2 Rb3 25.Rf3 Bh6 26.Ne4 Nc6 27.Qh2 Kg7 28.Rh3 Rh8 29.g5 Bxg5 30.fxg5 
Rxe3 1-0

[Event "Macieja Memorial"]
[Site "Warsaw POL"]
[Date "2022.07.08"]
[Round "9.25"]
[White "Malec, Sebastian"]
[Black "Sadzikowski, Daniel"]
[Result "0-1"]
[WhiteElo "2012"]
[BlackElo "2297"]
[EventDate "????.??.??"]
[PlyCount "72"]

1.e4 c5 2.Nf3 d6 3.d4 cxd4 4.Qxd4 Nf6 5.Nc3 Nc6 6.Bb5 Bd7 7.Bxc6 Bxc6 8.Bg5 e6 
9.O-O-O Be7 10.Kb1 O-O 11.Rhe1 Qa5 12.Qd2 Qa6 13.Nd4 Rfd8 14.f3 Rac8 15.h4 b5 
16.Nxc6 Qxc6 17.Ne2 Qb7 18.Nd4 b4 19.g4 a5 20.h5 h6 21.Be3 Nh7 22.Qd3 a4 23.f4 
Rc5 24.Rg1 Rdc8 25.g5 hxg5 26.fxg5 Bxg5 27.Nf3 Rc3 28.Bxg5 Rxd3 29.cxd3 Nxg5 
30.Rxg5 Qc6 31.Rg2 b3 32.Rdg1 Kf8 33.a3 Ke7 34.Nd4 Qb6 35.Nf3 Qe3 36.Ne1 Qc1# 0-1

[Event "Macieja Memorial"]
[Site "Warsaw POL"]
[Date "2022.07.08"]
[Round "9.26"]
[White "Socko, Monika"]
[Black "Lasota, Adam"]
[Result "1-0"]
[WhiteElo "2286"]
[BlackElo "1892"]
[EventDate "????.??.??"]
[PlyCount "73"]

1.d4 b6 2.e4 Bb7 3.Nc3 e6 4.Nf3 Bb4 5.Bd3 Nf6 6.Qe2 d5 7.e5 Ne4 8.Bd2 Bxc3 
9.bxc3 Nxd2 10.Qxd2 c5 11.O-O Ba6 12.dxc5 bxc5 13.Rfd1 Bxd3 14.cxd3 Nc6 15.Rab1 
O-O 16.Rb5 Qe7 17.Qe3 d4 18.cxd4 cxd4 19.Nxd4 Nxd4 20.Qxd4 Rfd8 21.Qb2 h6 22.g3 
Rd7 23.Rb8+ Rxb8 24.Qxb8+ Kh7 25.d4 Qa3 26.Qb1+ g6 27.Rd3 Qa4 28.Qb2 Qa6 29.Qd2 
Rd5 30.h4 h5 31.Kh2 Qa4 32.a3 Qd7 33.Qf4 Qd8 34.Qxf7+ Kh6 35.Qxe6 Rxd4 36.Rf3 
Rd1 37.Qf6 1-0

[Event "Macieja Memorial"]
[Site "Warsaw POL"]
[Date "2022.07.08"]
[Round "9.27"]
[White "Baum, Jonasz"]
[Black "Syrkiewicz, Michal"]
[Result "1-0"]
[WhiteElo "2240"]
[BlackElo "1804"]
[EventDate "????.??.??"]
[PlyCount "99"]

1.Nf3 d5 2.g3 Nf6 3.Bg2 c6 4.O-O Bf5 5.d3 h6 6.Nbd2 e6 7.b3 Be7 8.Bb2 Bh7 9.c4 
O-O 10.Rc1 a5 11.a3 Na6 12.Rc2 Nd7 13.Qa1 Bf6 14.Bxf6 Qxf6 15.Qxf6 Nxf6 16.Rb2 
Nc7 17.Ne5 Rfd8 18.Rc1 Nd7 19.Nef3 Rdc8 20.Nb1 Ne8 21.Nc3 Nd6 22.Rbc2 Kf8 
23.Na4 Ke7 24.Kf1 f6 25.cxd5 cxd5 26.Nd4 e5 27.Rxc8 Rxc8 28.Rxc8 Nxc8 29.Nb5 
Bg8 30.Ke1 Ncb6 31.Nxb6 Nxb6 32.Kd2 Nd7 33.Nc7 Kd6 34.Ne8+ Ke7 35.Nxg7 Bh7 
36.Bxd5 Kd6 37.Bxb7 Nc5 38.Bg2 Nxb3+ 39.Kc3 Nd4 40.Bf1 Bg6 41.e3 Nc6 42.Bh3 Nd8 
43.Nf5+ Bxf5 44.Bxf5 Nc6 45.Kc4 Na7 46.d4 exd4 47.exd4 Kc6 48.h4 Nb5 49.Bd7+ 
Kxd7 50.Kxb5 1-0

[Event "Macieja Memorial"]
[Site "Warsaw POL"]
[Date "2022.07.08"]
[Round "9.28"]
[White "Padalka, Artem"]
[Black "Sriram, Jha"]
[Result "0-1"]
[WhiteElo "2010"]
[BlackElo "2239"]
[EventDate "????.??.??"]
[PlyCount "79"]

1.c4 c5 2.g3 Nc6 3.Bg2 g6 4.Nf3 Bg7 5.O-O d6 6.Nc3 Bf5 7.d3 Qd7 8.Nd5 Nf6 
9.Nxf6+ Bxf6 10.Bh6 Bxb2 11.Rb1 Bf6 12.Ne1 Rb8 13.Nc2 Bh3 14.Ne3 Bxg2 15.Kxg2 
e6 16.Ng4 Qe7 17.Qd2 Nd4 18.Qf4 Nf5 19.e4 e5 20.Qf3 Nxh6 21.Nxf6+ Kf8 22.Nd5 
Qe6 23.Qe3 Ng4 24.Qg5 h6 25.Qd2 Nf6 26.f4 Nxd5 27.exd5 Qe7 28.Rbe1 Kg7 29.Qe3 
f6 30.g4 Qd7 31.f5 g5 32.h4 b5 33.hxg5 hxg5 34.Rh1 bxc4 35.dxc4 Qe7 36.Qa3 e4 
37.Qa6 Rb2+ 38.Kg1 Rxh1+ 39.Kxh1 Qe5 40.Qxa7+ 0-1

[Event "Macieja Memorial"]
[Site "Warsaw POL"]
[Date "2022.07.08"]
[Round "9.29"]
[White "Reza, Wojciech"]
[Black "Mirski, Michal"]
[Result "0-1"]
[WhiteElo "2230"]
[BlackElo "1798"]
[EventDate "????.??.??"]
[PlyCount "28"]

1.c4 c5 2.Nc3 Nc6 3.Nf3 g6 4.b3 Bg7 5.Bb2 Nf6 6.e3 O-O 7.d4 cxd4 8.Nxd4 d5 
9.cxd5 Nxd5 10.Nxc6 bxc6 11.Qd2 Nxc3 12.Bxc3 Qxd2+ 13.Kxd2 Rd8+ 14.Bd3 Ba6 0-1

[Event "Macieja Memorial"]
[Site "Warsaw POL"]
[Date "2022.07.08"]
[Round "9.30"]
[White "Redzisz, Michal"]
[Black "Nurkiewicz, Maciej"]
[Result "0-1"]
[WhiteElo "1984"]
[BlackElo "2171"]
[EventDate "????.??.??"]
[PlyCount "72"]

1.e4 c5 2.Nf3 d6 3.d4 cxd4 4.Nxd4 Nf6 5.Nc3 a6 6.h4 b5 7.a3 Bb7 8.Bd3 Nbd7 9.h5 
Rc8 10.Qe2 Ne5 11.h6 g6 12.Bg5 e6 13.Rd1 Be7 14.Kf1 O-O 15.Rh3 Nc4 16.Bc1 Qb6 
17.Nf3 Ng4 18.Nd2 Nge5 19.Nb3 Bf6 20.Kg1 Nxa3 21.bxa3 Rxc3 22.Bb2 Rcc8 23.Bd4 
Qc7 24.f4 Nd7 25.Bxf6 Nxf6 26.Kh1 Qe7 27.Nd4 Rc5 28.Nf3 Rfc8 29.Ng5 Rc3 30.Qf2 
Rxa3 31.Qd4 e5 32.Qa7 exf4 33.Re1 Ng4 34.Rf3 Qxg5 35.Qxb7 Qh4+ 36.Kg1 Qxe1+ 0-1

[Event "Macieja Memorial"]
[Site "Warsaw POL"]
[Date "2022.07.08"]
[Round "9.31"]
[White "Rudnicka, Ewa"]
[Black "Adamski, Jan"]
[Result "1/2-1/2"]
[WhiteElo "1937"]
[BlackElo "2088"]
[EventDate "????.??.??"]
[PlyCount "73"]

1.d4 Nf6 2.Nf3 e6 3.Bg5 c5 4.e3 b6 5.c3 Be7 6.Nbd2 O-O 7.Bd3 Ba6 8.Bxa6 Nxa6 
9.O-O d6 10.Rc1 Nb8 11.e4 Nc6 12.Re1 Rc8 13.e5 Nd7 14.Bxe7 Qxe7 15.Nc4 dxe5 
16.dxe5 Rcd8 17.Qa4 Ndb8 18.Rcd1 Rxd1 19.Rxd1 Rd8 20.Qb3 Rxd1+ 21.Qxd1 Qd7 
22.Qxd7 Nxd7 23.a4 a6 24.Kf1 b5 25.axb5 axb5 26.Nd6 Ndxe5 27.Nxe5 Nxe5 28.Nxb5 
Kf8 29.Ke2 Ke7 30.f3 g5 31.b3 h6 32.Ke3 Kd7 33.Ke4 f6 34.Na3 Kc6 35.Nc2 Nf7 
36.Ne3 Nd6+ 37.Kd3 1/2-1/2

[Event "Macieja Memorial"]
[Site "Warsaw POL"]
[Date "2022.07.08"]
[Round "9.32"]
[White "Jarocka, Liwia"]
[Black "Lach, Aleksandra"]
[Result "1-0"]
[WhiteElo "1840"]
[BlackElo "2083"]
[EventDate "????.??.??"]
[PlyCount "161"]

1.e4 c5 2.Nf3 g6 3.c3 Bg7 4.d4 cxd4 5.cxd4 d5 6.exd5 Nf6 7.Bb5+ Nbd7 8.O-O O-O 
9.Nc3 Nb6 10.Bg5 Nfxd5 11.Re1 h6 12.Bh4 g5 13.Bg3 Bf5 14.Rc1 e6 15.Ne5 a6 
16.Bf1 Bh7 17.Ne4 f5 18.Nc5 Re8 19.h4 gxh4 20.Bh2 Qg5 21.Nxb7 f4 22.Nf3 Qf6 
23.Nd6 Red8 24.Ne4 Bxe4 25.Rxe4 Rf8 26.Rc6 Rae8 27.Qb3 Qf5 28.Re1 h3 29.Rxb6 
Nxb6 30.Qxb6 hxg2 31.Bxg2 Rf6 32.Qc6 Ref8 33.Ne5 Qg5 34.Qf3 Rd8 35.Nc6 Rd6 
36.Kh1 Kh8 37.b4 h5 38.a4 Rg6 39.b5 axb5 40.axb5 Qxb5 41.Ne5 Bxe5 42.Qxh5+ Kg7 
43.Qxe5+ Qxe5 44.dxe5 Rd2 45.Rf1 Rg4 46.Bf3 Rh4 47.Kg2 Rd3 48.Rb1 Rxh2+ 49.Kxh2 
Rxf3 50.Kg2 Rd3 51.Rb4 Rd5 52.Re4 Kg6 53.Kf3 Kg5 54.Rxf4 Rd3+ 55.Ke4 Ra3 56.Rf6 
Ra4+ 57.Ke3 Ra3+ 58.Ke2 Ra2+ 59.Kf1 Ra6 60.f4+ Kg4 61.Ke2 Ra2+ 62.Kd3 Ra3+ 
63.Kc4 Ra4+ 64.Kc5 Ra6 65.Kb5 Ra7 66.Kb6 Re7 67.Kc6 Ra7 68.Kd6 Ra6+ 69.Ke7 Rb6 
70.Kf7 Kf3 71.f5 Rb7+ 72.Kxe6 Ke4 73.Kd6 Rb6+ 74.Kc5 Rb7 75.e6 Ke5 76.Rf7 Rb8 
77.e7 Rc8+ 78.Kb6 Kd6 79.f6 Rb8+ 80.Ka7 Rc8 81.Rf8 1-0

[Event "Macieja Memorial"]
[Site "Warsaw POL"]
[Date "2022.07.08"]
[Round "9.33"]
[White "Kutowski, Marcel"]
[Black "Shilov, Sergej"]
[Result "0-1"]
[WhiteElo "1802"]
[BlackElo "2082"]
[EventDate "????.??.??"]
[PlyCount "76"]

1.e4 d6 2.d4 Nf6 3.Nc3 c6 4.Nf3 Qa5 5.Bd3 e5 6.h3 Nbd7 7.O-O Be7 8.Bd2 Qc7 
9.Qe2 O-O 10.Rad1 b5 11.a3 a6 12.dxe5 dxe5 13.Nh4 Nc5 14.Nf5 Bxf5 15.exf5 Rad8 
16.Bg5 h6 17.Bxf6 Bxf6 18.Ne4 Qe7 19.b4 Nxe4 20.Bxe4 c5 21.c3 Qc7 22.Qf3 cxb4 
23.axb4 a5 24.bxa5 Qxa5 25.Rb1 Rc8 26.Rb3 Rc5 27.Rfb1 Rfc8 28.Qe2 Rxc3 29.Rxb5 
Rc1+ 30.Kh2 Qd8 31.Rxc1 Rxc1 32.Rb7 Qd1 33.Qa2 Qg1+ 34.Kg3 Rc3+ 35.Bf3 Rc8 
36.Qxf7+ Kh8 37.Qe6 Qc1 38.Bd5 Qf4# 0-1

[Event "Macieja Memorial"]
[Site "Warsaw POL"]
[Date "2022.07.08"]
[Round "9.34"]
[White "Wasilewski, Bartlomiej"]
[Black "Chiszko, Oskar"]
[Result "1-0"]
[WhiteElo "2063"]
[BlackElo "1694"]
[EventDate "????.??.??"]
[PlyCount "113"]

1.e4 c5 2.Nc3 g6 3.f4 Bg7 4.Nf3 Nc6 5.Bb5 e6 6.Bxc6 bxc6 7.Qe2 Qc7 8.d3 d5 
9.O-O Ne7 10.Rb1 Rb8 11.Na4 Qa5 12.b3 O-O 13.c4 Re8 14.Be3 d4 15.Bd2 Qc7 
16.Nxc5 e5 17.fxe5 Bxe5 18.Nxe5 Qxe5 19.Bf4 Qxc5 20.Bxb8 Nf5 21.Bf4 Ng7 22.Bd2 
f5 23.Qf3 Be6 24.Bh6 fxe4 25.dxe4 Qe7 26.Bxg7 Kxg7 27.Rf2 c5 28.Rbf1 Bg8 29.Qg3 
Qxe4 30.Qc7+ Qe7 31.Qc6 Be6 32.Re1 Qd7 33.Qxd7+ Bxd7 34.Rxe8 Bxe8 35.Rd2 Bd7 
36.Kf2 Kf6 37.a3 a5 38.b4 axb4 39.axb4 cxb4 40.Rxd4 Bc6 41.c5 b3 42.Rb4 Bd5 
43.Ke3 Ke5 44.g3 g5 45.Rb8 h6 46.Re8+ Kf6 47.Kd4 Bf7 48.Rb8 Ke7 49.Rb7+ Ke6 
50.c6 Be8 51.c7 Kd7 52.Rxb3 Kxc7 53.Re3 Kd7 54.Ke5 Ke7 55.Kf5+ Kf7 56.Rxe8 Kxe8 
57.Kg6 1-0

[Event "Macieja Memorial"]
[Site "Warsaw POL"]
[Date "2022.07.08"]
[Round "9.35"]
[White "Ratajczak, Hubert"]
[Black "Kanarkiewicz, Michal"]
[Result "1-0"]
[WhiteElo "1806"]
[BlackElo "2061"]
[EventDate "????.??.??"]
[PlyCount "57"]

1.c4 g6 2.Nc3 Bg7 3.g3 e5 4.Bg2 Nc6 5.e3 Nge7 6.Nge2 O-O 7.O-O d6 8.d4 exd4 
9.exd4 Bg4 10.h3 Bxe2 11.Nxe2 Nf5 12.Be3 Nxe3 13.fxe3 Qg5 14.Qd3 f5 15.h4 Qe7 
16.Nf4 Rae8 17.Rae1 Kh8 18.h5 g5 19.Nd5 Qd7 20.Re2 Bh6 21.Ref2 f4 22.exf4 gxf4 
23.Nxf4 Qg4 24.Bh3 Qg5 25.Ne6 Rxf2 26.Nxg5 Rxf1+ 27.Qxf1 Bxg5 28.Qf7 Rd8 29.Bf5 1-0

[Event "Macieja Memorial"]
[Site "Warsaw POL"]
[Date "2022.07.08"]
[Round "9.36"]
[White "Grabarczyk, Miroslaw"]
[Black "Boryna, Szymon"]
[Result "1-0"]
[WhiteElo "2221"]
[BlackElo "1409"]
[EventDate "????.??.??"]
[PlyCount "93"]

1.d4 d5 2.c4 e6 3.Nf3 Nf6 4.g3 Be7 5.Bg2 O-O 6.O-O Nbd7 7.cxd5 Nxd5 8.e4 N5f6 
9.Qe2 b6 10.Nc3 Bb7 11.Rd1 c5 12.d5 exd5 13.e5 Ne4 14.Nxd5 f5 15.exf6 Nexf6 
16.Nxe7+ Kh8 17.Nf5 Re8 18.Be3 Qc7 19.Nd6 Re7 20.Nxb7 Qxb7 21.Ne5 Qb8 22.Nxd7 
Rxd7 23.Rxd7 Nxd7 24.Rd1 Nf6 25.Qd2 Qf8 26.Bxa8 Qxa8 27.Qd8+ Qxd8 28.Rxd8+ Ng8 
29.Ra8 h6 30.Rxa7 Nf6 31.Bd2 Ne4 32.Bc3 Nd6 33.Rxg7 Ne8 34.Re7+ Kg8 35.Rxe8+ 
Kf7 36.Rb8 Ke6 37.Rxb6+ Kd5 38.a4 c4 39.a5 Kc5 40.Rxh6 Kb5 41.a6 Ka4 42.a7 Kb3 
43.a8=Q Kc2 44.Qa4+ Kd3 45.Rd6+ Ke4 46.Qxc4+ Kf5 47.Qf4# 1-0

[Event "Macieja Memorial"]
[Site "Warsaw POL"]
[Date "2022.07.08"]
[Round "10.1"]
[White "Kowalski, Igor"]
[Black "Klekowski, Maciej"]
[Result "0-1"]
[WhiteElo "2287"]
[BlackElo "2476"]
[EventDate "????.??.??"]
[PlyCount "64"]

1.d4 Nf6 2.c4 e6 3.Nf3 b6 4.g3 Bb7 5.Bg2 Be7 6.O-O O-O 7.Re1 a5 8.a3 d5 9.Ne5 
Nbd7 10.Nc3 c5 11.Nxd7 Qxd7 12.cxd5 exd5 13.dxc5 bxc5 14.Bg5 d4 15.Bxf6 Bxf6 
16.Ne4 Bxe4 17.Bxe4 Rab8 18.Qc2 Rfe8 19.Bxh7+ Kh8 20.Bd3 Re5 21.Be4 c4 22.Rad1 
Rbe8 23.f3 Rh5 24.Rf1 Qh3 25.Rf2 Rc8 26.Rg2 g6 27.Rc1 Kg7 28.Qa4 Rhc5 29.Qc2 
Bg5 30.Rd1 Be3+ 31.Kh1 Rh8 32.f4 Rch5 0-1

[Event "Macieja Memorial"]
[Site "Warsaw POL"]
[Date "2022.07.08"]
[Round "10.2"]
[White "Heberla, Bartlomiej"]
[Black "Nasuta, Grzegorz"]
[Result "0-1"]
[WhiteElo "2361"]
[BlackElo "2366"]
[EventDate "????.??.??"]
[PlyCount "82"]

1.e4 c5 2.Nf3 d6 3.d4 cxd4 4.Nxd4 Nf6 5.Nc3 a6 6.h3 e6 7.g4 h6 8.a3 Be7 9.Be3 
Nc6 10.Qe2 Nxd4 11.Bxd4 e5 12.Be3 Be6 13.O-O-O Rc8 14.Bd2 b5 15.Bg2 Qb6 16.Nd5 
Bxd5 17.exd5 Nd7 18.Kb1 a5 19.h4 b4 20.a4 b3 21.c3 Nc5 22.Be3 Qb7 23.Bxc5 Rxc5 
24.Qe4 h5 25.gxh5 Rxh5 26.Bf3 Rh6 27.h5 Rf6 28.h6 gxh6 29.Rhg1 Rf4 30.Rg8+ Bf8 
31.Qe3 Qd7 32.Be4 Qxa4 33.Bd3 Qa2+ 34.Kc1 Rxc3+ 35.Kd2 Qxb2+ 36.Ke1 Rc5 37.Kf1 
a4 38.Be2 Qc3 39.Qxc3 Rxc3 40.Bb5+ Ke7 41.Ra1 b2 0-1

[Event "Macieja Memorial"]
[Site "Warsaw POL"]
[Date "2022.07.08"]
[Round "10.3"]
[White "Wieczorek, Oskar"]
[Black "Kuzmicz, Krystian"]
[Result "0-1"]
[WhiteElo "2330"]
[BlackElo "2307"]
[EventDate "????.??.??"]
[PlyCount "50"]

1.e4 c5 2.Nf3 e6 3.b3 b6 4.d4 cxd4 5.Nxd4 Bb7 6.Nd2 Bb4 7.Bb2 Nf6 8.c3 Bc5 
9.Bd3 Nc6 10.O-O O-O 11.Qe2 Bxd4 12.cxd4 Nb4 13.Bb1 Ba6 14.Nc4 d5 15.exd5 exd5 
16.Qd2 dxc4 17.Qxb4 Nd5 18.Qd2 c3 19.Bxc3 Nxc3 20.Qxc3 Bxf1 21.Kxf1 Rc8 22.Qd2 
Qh4 23.Kg1 Rfd8 24.d5 Rc5 25.g3 Qf6 0-1

[Event "Macieja Memorial"]
[Site "Warsaw POL"]
[Date "2022.07.08"]
[Round "10.4"]
[White "Licznerski, Lukasz"]
[Black "Kosakowski, Jakub"]
[Result "1-0"]
[WhiteElo "2387"]
[BlackElo "2476"]
[EventDate "????.??.??"]
[PlyCount "113"]

1.e4 c5 2.Nf3 d6 3.d4 cxd4 4.Nxd4 Nf6 5.Nc3 a6 6.Be2 e5 7.Nf3 Be7 8.Bg5 Be6 
9.Bxf6 Bxf6 10.Qd2 Be7 11.Nd5 Nd7 12.Rd1 Bxd5 13.Qxd5 Qb6 14.Qb3 Qc6 15.Nd2 O-O 
16.O-O b5 17.c3 Nc5 18.Qc2 Bg5 19.Bf3 Bxd2 20.Rxd2 Rfd8 21.Rfd1 a5 22.a3 Ne6 
23.h4 Rab8 24.Bg4 b4 25.Bxe6 fxe6 26.cxb4 Qxc2 27.Rxc2 axb4 28.Rc6 d5 29.Rxe6 
dxe4 30.Rxd8+ Rxd8 31.axb4 Rd1+ 32.Kh2 Rd2 33.Rxe5 Rxf2 34.Rxe4 Rxb2 35.h5 Kf7 
36.Kg1 Kf6 37.Kf1 Kf5 38.Rc4 Kg5 39.g4 g6 40.hxg6 Kxg6 41.Ke1 h5 42.gxh5+ Kxh5 
43.Kd1 Kg6 44.Kc1 Rh2 45.Rc2 Rh1+ 46.Kb2 Rh3 47.Rc3 Rh8 48.Rf3 Rb8 49.Kb3 Kg5 
50.Rf1 Kg6 51.Rf2 Kg5 52.Kc4 Rc8+ 53.Kd5 Rd8+ 54.Kc5 Rc8+ 55.Kd6 Rb8 56.Rb2 Kf6 
57.b5 1-0

[Event "Macieja Memorial"]
[Site "Warsaw POL"]
[Date "2022.07.08"]
[Round "10.5"]
[White "Sieciechowicz, Marcin"]
[Black "Dziuba, Marcin"]
[Result "0-1"]
[WhiteElo "2228"]
[BlackElo "2466"]
[EventDate "????.??.??"]
[PlyCount "90"]

1.d4 Nf6 2.c4 g6 3.Nc3 Bg7 4.e4 d6 5.f3 a6 6.Be3 Nc6 7.Nge2 Rb8 8.Ng3 h5 9.h4 
e5 10.d5 Nd4 11.Bxd4 exd4 12.Qxd4 O-O 13.Qd2 Nd7 14.Bd3 Nc5 15.Nge2 Bd7 16.Bc2 
b5 17.cxb5 axb5 18.Nd4 b4 19.Nce2 Qf6 20.Rd1 Ra8 21.Bb1 Rab8 22.b3 Kh7 23.g3 
Rfe8 24.O-O Bh6 25.Nf4 Re5 26.Nc6 Bxc6 27.dxc6 Rb6 28.Nd5 Qd8 29.f4 Rb8 30.fxe5 
Bxd2 31.Rxd2 Kg7 32.Rdf2 Qe8 33.exd6 cxd6 34.Rf6 Rc8 35.Rxd6 Qe5 36.Rdf6 Qxg3+ 
37.Kh1 Qxh4+ 38.Kg2 Qg5+ 39.Kh2 Rf8 40.c7 Qh4+ 41.Kg2 Qg4+ 42.Kh2 Kh6 43.Rg1 
Qh4+ 44.Kg2 Nxe4 45.Rf3 Qg4+ 0-1

[Event "Macieja Memorial"]
[Site "Warsaw POL"]
[Date "2022.07.08"]
[Round "10.6"]
[White "Koziorowicz, Michal"]
[Black "Janik, Igor"]
[Result "0-1"]
[WhiteElo "2202"]
[BlackElo "2456"]
[EventDate "????.??.??"]
[PlyCount "49"]

1.e4 c6 2.d4 d5 3.e5 c5 4.dxc5 Nc6 5.Nf3 Bg4 6.Be2 e6 7.a3 Bxc5 8.b4 Bb6 9.Bb2 
Nge7 10.Nbd2 Ng6 11.h3 Bxf3 12.Nxf3 Bc7 13.Bb5 O-O 14.Bxc6 bxc6 15.O-O a5 
16.Bd4 Qb8 17.Qe1 axb4 18.axb4 Rxa1 19.Bxa1 Qb5 20.Bd4 Ra8 21.c3 Ra2 22.Qe3 h6 
23.Nh2 Re2 24.Qg3 Bxe5 25.Bxe5 0-1

[Event "Macieja Memorial"]
[Site "Warsaw POL"]
[Date "2022.07.08"]
[Round "10.8"]
[White "Leniart, Arkadiusz"]
[Black "Markowski, Tomasz"]
[Result "0-1"]
[WhiteElo "2327"]
[BlackElo "2504"]
[EventDate "????.??.??"]
[PlyCount "82"]

1.e4 c5 2.Nf3 d6 3.d4 cxd4 4.Nxd4 Nf6 5.Nc3 a6 6.h4 e5 7.Nb3 Be7 8.Bg5 Be6 
9.Bxf6 Bxf6 10.g3 O-O 11.Qd3 Be7 12.O-O-O Nc6 13.Kb1 Rc8 14.f4 Nb4 15.Qf3 b5 
16.Rh2 f6 17.h5 h6 18.Bh3 Bxh3 19.Rxh3 a5 20.Rh2 a4 21.Nc1 a3 22.Nd5 Nxd5 
23.Rxd5 axb2 24.Kxb2 b4 25.Ne2 Rc4 26.Qb3 Qc7 27.Rb5 Kh8 28.Nc1 Rxe4 29.Nd3 f5 
30.g4 fxg4 31.fxe5 dxe5 32.Rh1 Rc8 33.Kb1 g3 34.Rg1 Re2 35.Ne1 Qc3 36.Qxc3 Rxc3 
37.Nd3 g2 38.Rb8+ Kh7 39.Rb7 Bg5 40.Nxb4 Rf3 41.Nd5 Rf1+ 0-1